[Event "Hessen-chC"]
[Site "Frankfurt"]
[Date "2018.05.10"]
[Round "2"]
[White "Fuchs, Henrik"]
[Black "Goodwin, David"]
[Result "1-0"]
[WhiteElo "1099"]
[BlackElo "1539"]
[PlyCount "143"]
[EventDate "2018.05.10"]
[EventType "swiss"]
[EventRounds "7"]
[EventCountry "GER"]
[SourceTitle "EXT 2019"]
[Source "ChessBase"]
[SourceDate "2018.10.10"]
[SourceVersion "1"]
[SourceVersionDate "2018.10.10"]
[SourceQuality "1"]

1. d4 g6 2. c4 Bg7 3. Nf3 d6 4. Nc3 Nd7 5. Bf4 Ngf6 6. e3 Nh5 7. Bg5 h6 8. Bh4 g5 9. Bg3 Nxg3 10. fxg3 c5 11. Bd3 cxd4 12. exd4 Nf6 13. 0-0 Ng4 14. Qd2 0-0 15. Bc2 e5 16. Qd3 f5 17. dxe5 Qb6+ 18. Qd4 Qxd4+ 19. Nxd4 Ne3 20. Rf2 Bxe5 21. Nf3 Nxc4 22. Bb3 Be6 23. Nd2 Rac8 24. Nb5 d5 25. Re1 Nxd2 26. Rxd2 Rc5 27. a4 a6 28. Na3 Bxg3 29. Rxe6 Rc1+ 30. Rd1 Bf4 31. Rxc1 Bxc1 32. Re2 Rd8 33. Rc2 Be3+ 34. Kf1 Kf8 35. Ke2 f4 36. Rc3 d4 37. Rd3 Bc1 38. Nc4 b5 39. axb5 axb5 40. Na3 Re8+ 41. Kd1 Bxb2 42. Nxb5 Rc8 43. Nxd4 Bxd4 44. Rxd4 Rc3 45. Bd5 Re3 46. Bf3 Ra3 47. Ke2 Ke7 48. Kf1 Re3 49. Re4+ Rxe4 50. Bxe4 Ke6 51. Kf2 Ke5 52. Kf3 g4+ 53. Kxg4 Kxe4 54. h4 Ke3 55. Kf5 h5 56. Kg5 Ke4 57. Kxh5 Kf5 58. Kh6 Kf6 59. h5 Kf7 60. Kg5 Kg7 61. Kxf4 Kf6 62. Kg4 Kg7 63. Kg5 Kh7 64. g4 Kg7 65. h6+ Kh7 66. Kh5 Kg8 67. g5 Kh7 68. g6+ Kg8 69. Kg5 Kh8 70. Kf6 Kg8 71. h7+ Kh8 72. g7+ 1-0

[Event "Hessen-chC"]
[Site "Frankfurt"]
[Date "2018.05.10"]
[Round "1"]
[White "Goodwin, David"]
[Black "Shehab, Tarek"]
[Result "0-1"]
[WhiteElo "1539"]
[BlackElo "1218"]
[PlyCount "112"]
[EventDate "2018.05.10"]
[EventType "swiss"]
[EventRounds "7"]
[EventCountry "GER"]
[SourceTitle "EXT 2019"]
[Source "ChessBase"]
[SourceDate "2018.10.10"]
[SourceVersion "1"]
[SourceVersionDate "2018.10.10"]
[SourceQuality "1"]

1. Nf3 Nf6 2. g3 g6 3. d3 Bg7 4. Bg2 0-0 5. Nbd2 d6 6. 0-0 e5 7. c4 Nc6 8. Rb1 a5 9. a3 Bf5 10. Nh4 Be6 11. Nhf3 Qd7 12. Ng5 Bf5 13. Nge4 Bh3 14. Nxf6+ Bxf6 15. Ne4 Bg7 16. f4 Bxg2 17. Kxg2 f5 18. Nc3 Rae8 19. Nd5 Ne7 20. fxe5 Nxd5 21. cxd5 Qb5 22. e4 fxe4 23. dxe4 Qxf1+ 24. Qxf1 Rxf1 25. Kxf1 Rxe5 26. Bd2 Rxe4 27. Bxa5 b6 28. Bb4 Kf7 29. Rc1 Re7 30. Rc2 Be5 31. a4 Ke8 32. a5 bxa5 33. Bxa5 Kd8 34. Rf2 Bd4 35. Rf8+ Kd7 36. Rb8 Rf7+ 37. Ke2 Rf2+ 38. Kd3 Rxb2 39. Rg8 Be5 40. Rf8 Rxh2 41. Rf7+ Ke8 42. Rxc7 Rh3 43. Rc8+ Kf7 44. Rc7+ Kg8 45. Rc8+ Kg7 46. Rc7+ Kh6 47. Bd2+ g5 48. Bxg5+ Kxg5 49. Ke4 Bxg3 50. Re7 Be5 51. Re8 h5 52. Rg8+ Kf6 53. Rf8+ Kg7 54. Rf5 Kg6 55. Rf1 Rh4+ 56. Ke3 Rd4 0-1